| 000 | 00337nam a22001217a 4500 | ||
|---|---|---|---|
| 003 | OSt | ||
| 005 | 20260107164914.0 | ||
| 008 | 260107b |||||||| |||| 00| 0 eng d | ||
| 245 |
_aEduncle UGC-NET _b Computer Science& Application Theory & Uit Solved Paper II |
||
| 260 |
_aRajasthan _bEduncle _c2018 |
||
| 300 | _a406pp | ||
| 942 |
_2ddc _cBK |
||
| 999 |
_c369748 _d369748 |
||